000 00624nam a22002057a 4500
003 KOHA_MİRAKIL
005 20260424094535.0
008 260421b tu ||||| |||| 00| 0 tur d
020 _a9786257163163
040 _aTR-AnABB
_btur
_cTR-AnABB
041 _atur
082 _a813.08
_bDIK2020
100 1 _aDikmen, Veysel
245 1 0 _aDüşünen baykuşların gecesi - II :
_bDüşünen baykuşların söylemi /
_cVeysel Dikmen
260 _aİzmir :
_bCem Yayınevi,
_c2020
300 _a655 sayfa ;
_c20 cm
650 0 4 _aTürk edebiyatı, anlatı
900 _bCan ÇELIK
942 _2ddc
_cBK
999 _c10304
_d10304